| 000 | 01109nam a2200229Ia 4500 | ||
|---|---|---|---|
| 001 | L248-14876 | ||
| 003 | IT-CnALBA | ||
| 008 | 170116s9999||||xx |||||||||||||| ||und|| | ||
| 040 |
_aIT-CnALBA _cIT-CnALBA |
||
| 041 | _aITALIANO | ||
| 100 | _aSENZA AUTORE | ||
| 245 | 0 | _aAMORE PER AMORE. | |
| 250 | _a1a ed. | ||
| 260 |
_aTORINO _bCATTOLICA LIBR. EDITR. RIMINI. TORINO _c1909 [1° Ed.:1909] |
||
| 300 | _a199 p. (prefazione: 5) | ||
| 500 | _aTRADUZIONE DAL FRANCESE. MISTERO DI FEDE. MERAVIGLIE DELL'AMORE. PANE DI VITA. FELICITÀ. SORGENTE DI GRAZIA. PREGHIERE DEL MATTINO. MEDITAZIONE. ROSARIO. S. MESSA. VIA CRUCIS. CONFESSIONE. COMUNIONE. ABITINO DEL CARMINE. | ||
| 501 | _aSocietà San Paolo EM - Piazza San Paolo, 14 - 12051 ALBA (CN) (non commercial uses only) ® Copyright 2017 | ||
| 520 | _aTRADUZIONE DAL FRANCESE. MISTERO DI FEDE. MERAVIGLIE DELL'AMORE. PANE DI VITA. FELICITÀ. SORGENTE DI GRAZIA. PREGHIERE DEL MATTINO. MEDITAZIONE. ROSARIO. S. MESSA. VIA CRUCIS. CONFESSIONE. COMUNIONE. ABITINO DEL CARMINE. | ||
| 650 | _aASCETICA E MISTICA | ||
| 942 | _cBK | ||
| 957 | _71 | ||
| 999 |
_a19626 _bSI _g Copie: 1 _c274047 _d274047 |
||